MARC

LEADER 00000nam0a2200000 4500
001 41535
005 20231031014411.0
035 |a (RuTPU)RU\TPU\book\42661 
090 |a 41535 
100 |a 20020624d1981 m y0rusy50 ca 
101 0 |a rus 
102 |a RU 
105 |a a j 001zy 
200 1 |a Задачник по физике плазмы  |f А. А. Веденов 
210 |a Москва  |c Атомиздат  |d 1981 
215 |a 159 с.  |c ил. 
320 |a Библиогр.: с. 157. 
320 |a Алф.-предм. указ.: с. 158-159. 
320 |a Списки лит. в конце глав. 
610 1 |a физика 
610 1 |a плазма 
610 1 |a частицы 
610 1 |a электрические поля 
610 1 |a движение 
610 1 |a магнитные поля 
610 1 |a плазма 
610 1 |a заряженная плазма 
610 1 |a линейные волны 
610 1 |a нелинейные волны 
610 1 |a турбулентная плазма 
610 1 |a ударные волны 
610 1 |a неидеальная плазма 
610 1 |a электрические разряды 
610 1 |a электронные пучки 
610 1 |a ионные пучки 
610 1 |a задачи 
610 1 |a учебные пособия 
610 1 |a газодинамика 
675 |a 533.9(076)  |v 3 
700 1 |a Веденов  |b А. А.  |g Александр Алексеевич 
801 1 |a RU  |b 63413507  |c 20020624  |g PSBO 
801 2 |a RU  |b 63413507  |c 20150324  |g PSBO 
942 |c BK